UM Logo

Powering solutions for biomedical sensors and implants inside the human body : (Record no. 20021)

MARC details
000 -LEADER
fixed length control field 01128nam a22002297a 4500
003 - CONTROL NUMBER IDENTIFIER
control field OSt
005 - DATE AND TIME OF LATEST TRANSACTION
control field 20251004130949.0
008 - FIXED-LENGTH DATA ELEMENTS--GENERAL INFORMATION
fixed length control field 240404b ||||| |||| 00| 0 eng d
040 ## - CATALOGING SOURCE
Transcribing agency 0
082 ## - DEWEY DECIMAL CLASSIFICATION NUMBER
Classification number DPer 621.381 Ie21 October 2022 v. 37 n. 10
100 ## - MAIN ENTRY--PERSONAL NAME
Personal name Roy, Sourov.
Relator term author.
9 (RLIN) 56083
245 ## - TITLE STATEMENT
Title Powering solutions for biomedical sensors and implants inside the human body :
Remainder of title a comprehensive review on energy harvesting units, energy storage, and wireless power transfer techniques /
Statement of responsibility, etc. Sourov Roy, A. N. M. Wasekul Azad, Somen Baidya, Mohammed Khorshed Alam, and Faisal Khan.
260 ## - PUBLICATION, DISTRIBUTION, ETC. (IMPRINT)
Place of publication, distribution, etc. New York ;
Name of publisher, distributor, etc. The Institute of Electrical and Electronics Engineers, Inc. ,
Date of publication, distribution, etc. October 2022.
300 ## - PHYSICAL DESCRIPTION
Extent Volume 37, pages 12237-12263 :
Other physical details illustration ;
Dimensions 28 cm.
500 ## - GENERAL NOTE
General note IEEE Transactions on Power Electronics, v. 37, n. 10, pages 12237-12263, October 2022.
700 ## - ADDED ENTRY--PERSONAL NAME
Personal name Roy, Sourov.
Relator term author.
9 (RLIN) 56083
700 ## - ADDED ENTRY--PERSONAL NAME
Personal name Azad, A. N. M. Wasekul
Relator term author.
9 (RLIN) 56084
700 ## - ADDED ENTRY--PERSONAL NAME
Personal name Baidya, Somen.
Relator term author.
9 (RLIN) 56085
700 ## - ADDED ENTRY--PERSONAL NAME
Personal name Alam, Mohammed Khorshed.
Relator term author.
9 (RLIN) 56086
700 ## - ADDED ENTRY--PERSONAL NAME
Personal name Khan, Faisal.
Relator term author.
9 (RLIN) 56087
942 ## - ADDED ENTRY ELEMENTS (KOHA)
Source of classification or shelving scheme Dewey Decimal Classification
Koha item type Periodicals
Holdings
Withdrawn status Lost status Source of classification or shelving scheme Damaged status Not for loan Collection code Home library Current library Date acquired Total Checkouts Full call number Date last seen Price effective from Koha item type Public note
    Dewey Decimal Classification     Periodicals UM Digos College - LIC UM Digos College - LIC 04/04/2024   DPer 621.317 Ie21 October 2022 v. 37 n. 10 04/04/2024 04/04/2024 Periodicals Periodical Article